000 00297 a2200109 4500
001 146846
040 _cEscola São Tomás de Aquino
240 1 0 _aO livro da selva 2
_lpor
245 1 0 _aO livro da selva 2
697 _aCaricaturas, desenho animado, cômico, fotonovelas / Quadrinhos
942 _cBK
999 _c146846
_d146846